Development and Characterization of Natural Fiber and Nano Powder Reinforced Polymer Composites (Record no. 244363)

MARC details
000 -LEADER
fixed length control field 00448nam a2200157Ia 4500
008 - FIXED-LENGTH DATA ELEMENTS--GENERAL INFORMATION
fixed length control field 240823s9999||||xx |||||||||||||| ||und||
082 ## - DEWEY DECIMAL CLASSIFICATION NUMBER
-- 620.118 Q6
100 ## - MAIN ENTRY--PERSONAL NAME
Personal name "Pradeep,P"
245 #0 - TITLE STATEMENT
Title Development and Characterization of Natural Fiber and Nano Powder Reinforced Polymer Composites
260 ## - PUBLICATION, DISTRIBUTION, ETC. (IMPRINT)
Date of publication, distribution, etc 2016
500 ## - GENERAL NOTE
General note YES
650 ## - SUBJECT ADDED ENTRY--TOPICAL TERM
Topical term or geographic name as entry element Reinforced Polymer Composites
942 ## - ADDED ENTRY ELEMENTS (KOHA)
Item type Thesis
Holdings
Withdrawn status Lost status Damaged status Permanent location Current location Shelving location Date acquired Full call number Barcode Date last seen Koha item type
      CENTRAL LIBRARY, NOORUL ISLAM CENTRE FOR HIGHER EDUCATION CENTRAL LIBRARY, NOORUL ISLAM CENTRE FOR HIGHER EDUCATION   02/01/2019 620.118 Q6 TD077 08/23/2024 Thesis
Visitors:
Copyright © 2024 Central Library NICHE.  All rights reserved.